[Event "HUN Team League Ch. Csongrad Region"]
[Site "Csongrád County"]
[Date "2015.09.20"]
[Round "1.4"]
[White "Gabor, Geza"]
[Black "Bene, Zoltan"]
[Result "1/2-1/2"]
[WhiteElo "1695"]
[BlackElo "1768"]
[PlyCount "106"]
[EventDate "2015.09.20"]

1. e4 c5 2. Nf3 d6 3. d4 cxd4 4. Nxd4 Nf6 5. Nc3 a6 6. Be2 g6 7. O-O Bg7 8. Be3
b5 9. Bf3 e5 10. Nb3 Bb7 11. Bg5 h6 12. Bxf6 Bxf6 13. Nd5 Nc6 14. a4 Be7 15.
Qe2 b4 16. a5 O-O 17. Rfd1 Rc8 18. Nb6 Rb8 19. c3 bxc3 20. bxc3 Nxa5 21. Nxa5
Qxb6 22. Rdb1 Qc7 23. Nxb7 Rxb7 24. Rxb7 Qxb7 25. Qxa6 Qc7 26. c4 Bg5 27. Rd1
Rd8 28. h3 h5 29. Qb5 Ra8 30. Qd5 Ra6 31. Rb1 Rc6 32. Kh2 Rc5 33. Rb7 Rxd5 34.
Rxc7 Rd4 35. g3 Kf8 36. h4 Be7 37. Rc8+ Kg7 38. Kg2 Kf6 39. Kf1 Rd2 40. Be2 Rd4
41. f3 Kg7 42. Rc7 Bd8 43. Rb7 Ba5 44. Rb5 Bc7 45. c5 dxc5 46. Rxc5 Rd7 47. Bc4
f6 48. Ke2 Kf8 49. Rc6 Kg7 50. Be6 Re7 51. Kd3 Ba5 52. Ke2 Rc7 53. Rxc7+ Bxc7
1/2-1/2

[Event "HUN Team League Ch. Csongrad Region"]
[Site "Csongrád County"]
[Date "2015.09.20"]
[Round "1.4"]
[White "Tokes, Janos"]
[Black "Magony, Milan"]
[Result "1-0"]
[WhiteElo "1674"]
[BlackElo "1270"]
[PlyCount "91"]
[EventDate "2015.09.20"]

1. c4 e6 2. d4 Nf6 3. Nc3 Bb4 4. e3 c5 5. Bd3 d6 6. Bd2 Bxc3 7. Bxc3 Bd7 8. f4
Bc6 9. Nf3 Qe7 10. O-O Ne4 11. Qc2 f5 12. dxc5 Nxc5 13. Rad1 Be4 14. Bxe4 Nxe4
15. Bb4 Nc6 16. Ba3 O-O 17. Nd2 Nc5 18. b4 Nd7 19. Nf3 a5 20. bxa5 Nc5 21. Nd4
Nxd4 22. exd4 Rxa5 23. Bb4 Ra4 24. Bxc5 Rfa8 25. Bb6 Rxa2 26. Qc1 Qd7 27. Rd2
Qc6 28. c5 R8a3 29. Rxa2 Rxa2 30. Rf2 Ra4 31. Qe3 Ra1+ 32. Rf1 Rxf1+ 33. Kxf1
Qb5+ 34. Kf2 Qb2+ 35. Kg3 Kf7 36. Bc7 d5 37. h3 h5 38. Be5 Qb4 39. Kh2 Qb2 40.
Qg3 g6 41. Qg5 Qb5 42. Qf6+ Ke8 43. Qxe6+ Kd8 44. Bf6+ Kc7 45. Qd6+ Kc8 46.
Qd8# 1-0

[Event "HUN Team League Ch. Csongrad Region"]
[Site "Csongrád County"]
[Date "2015.09.20"]
[Round "1.5"]
[White "Tubak, Daniel"]
[Black "Tornyai, Jeno"]
[Result "1-0"]
[WhiteElo "1962"]
[BlackElo "1903"]
[PlyCount "85"]
[EventDate "2015.09.20"]

1. e4 d5 2. exd5 Nf6 3. Bb5+ Bd7 4. Bc4 b5 5. Bb3 Bg4 6. Ne2 Nxd5 7. O-O e6 8.
f3 Bh5 9. Ng3 Bg6 10. Qe2 Bc5+ 11. Kh1 a6 12. d4 Be7 13. c3 O-O 14. Be3 Nd7 15.
Nd2 Nxe3 16. Qxe3 c5 17. Nge4 c4 18. Bc2 Qb6 19. f4 f6 20. Rae1 e5 21. Qh3 Rad8
22. fxe5 fxe5 23. Rxf8+ Bxf8 24. Nf3 exd4 25. Nxd4 Nc5 26. Nxc5 Bxc2 27. Qe6+
Qxe6 28. Ncxe6 Rxd4 29. Nxd4 Bd3 30. Re6 Kf7 31. Rxa6 b4 32. Ra7+ Kf6 33. cxb4
Bxb4 34. Rb7 Bc5 35. Nf3 g5 36. Rb5 Be3 37. Ne5 Be2 38. Nd7+ Ke6 39. Re5+ Kxd7
40. Rxe3 Bd3 41. Kg1 Kd6 42. Rxd3+ cxd3 43. Kf2 1-0

[Event "HUN Team League Ch. Csongrad Region"]
[Site "Csongrád County"]
[Date "2015.09.20"]
[Round "1.5"]
[White "Vanya, Janos"]
[Black "Tenk, Zoltan"]
[Result "1/2-1/2"]
[WhiteElo "1919"]
[BlackElo "1947"]
[PlyCount "60"]
[EventDate "2015.09.20"]

1. d4 d5 2. c4 e6 3. Nf3 Nf6 4. Nc3 Be7 5. e3 b6 6. Bd3 Bb7 7. O-O Nbd7 8. b3
O-O 9. Bb2 c5 10. Qe2 Rc8 11. Rfd1 Qc7 12. Rac1 Qb8 13. Ne5 Rfd8 14. f4 Ne4 15.
Nxd7 Rxd7 16. dxc5 Nxc5 17. Bb1 Rcd8 18. cxd5 exd5 19. Nb5 Bf8 20. Be5 Qa8 21.
b4 Na6 22. a3 Rc8 23. Bb2 g6 24. Rxc8 Bxc8 25. Rc1 Bb7 26. f5 Qe8 27. fxg6 hxg6
28. Qd3 Bh6 29. Re1 Bg7 30. Bxg7 Kxg7 1/2-1/2

[Event "HUN Team League Ch. Csongrad Region"]
[Site "Csongrád County"]
[Date "2015.09.20"]
[Round "1.5"]
[White "Vidakovics, Istvan"]
[Black "Balogh, Ferenc"]
[Result "1/2-1/2"]
[WhiteElo "1966"]
[BlackElo "1870"]
[PlyCount "124"]
[EventDate "2015.09.20"]

1. d4 Nf6 2. c4 e5 3. dxe5 Ng4 4. Bf4 Nc6 5. Nf3 Bb4+ 6. Nc3 Qe7 7. Qd5 Bxc3+
8. bxc3 f6 9. exf6 Nxf6 10. Qd3 d6 11. g3 Ne4 12. Bg2 Nc5 13. Qe3 O-O 14. Qxe7
Nxe7 15. Nd4 a6 16. O-O h6 17. h4 Rb8 18. Rfe1 Ne6 19. Bd2 Nc5 20. Rab1 Bg4 21.
Nb3 Nd7 22. Bf4 b6 23. Nd4 Nc5 24. Be3 Bd7 25. Nb3 Ne6 26. Bd5 Kh7 27. Bd2 Rf6
28. Bg2 Re8 29. Bh3 Ref8 30. f4 Bc8 31. Bg2 Bd7 32. Nd4 Nc5 33. Bc1 Na4 34. Bd2
Nc5 35. Rbc1 Be6 36. Nxe6 Nxe6 37. Be3 g6 38. Kh2 Ng7 39. Bf2 Rf5 40. e4 Ra5
41. Rc2 g5 42. hxg5 hxg5 43. f5 Nc6 44. Bd4 Ne5 45. Bxe5 Rxe5 46. g4 Ne8 47.
Bf3 Kg7 48. Kg3 Rh8 49. Rd2 Nf6 50. Kg2 Rh4 51. Kg3 Kf7 52. Re3 Ke7 53. Rb2 Kd7
54. Rb1 Kc6 55. Rd1 Kc5 56. Rd4 Kc6 57. Rd2 Kd7 58. Rd1 Ke7 59. a4 Ra5 60. Rd2
Rc5 61. Rd4 Ra5 62. Rd2 Nd7 1/2-1/2

[Event "HUN Team League Ch. Csongrad Region"]
[Site "Csongrád County"]
[Date "2015.09.20"]
[Round "1.5"]
[White "Farkas, Janos"]
[Black "Valyi, Blanka Borbala"]
[Result "0-1"]
[WhiteElo "1799"]
[BlackElo "1895"]
[PlyCount "86"]
[EventDate "2015.09.20"]

1. Nf3 Nf6 2. g3 g6 3. Bg2 Bg7 4. O-O O-O 5. d4 d6 6. c4 Nbd7 7. Nc3 c6 8. e4
e5 9. d5 Qc7 10. b3 a6 11. Ba3 Ne8 12. Qd2 c5 13. Rad1 Qb8 14. Bc1 b5 15. h4
Nef6 16. Nh2 bxc4 17. bxc4 Qb4 18. Rfe1 Nb6 19. a3 Qxc4 20. Qb2 Na4 21. Nxa4
Qxa4 22. Qb6 Qd7 23. f4 Nh5 24. Rd3 a5 25. g4 Nxf4 26. Bxf4 exf4 27. e5 Ra6 28.
Qb1 dxe5 29. Rc1 Qa7 30. Rc4 Rb6 31. Qd1 Ba6 32. Rdc3 Bxc4 33. Rxc4 Rd6 34. Nf3
Rfd8 35. Ng5 h6 36. Nh3 Qb6 37. Kh1 Qb5 38. Qc2 Rxd5 39. Bxd5 Rxd5 40. Nf2 Qb7
41. Ne4 Rd4 42. Kg1 Qd5 43. Rxc5 Qxe4 0-1

[Event "HUN Team League Ch. Csongrad Region"]
[Site "Csongrád County"]
[Date "2015.09.20"]
[Round "1.5"]
[White "Volford, Istvan"]
[Black "Bodo, Imre"]
[Result "1-0"]
[WhiteElo "1824"]
[BlackElo "1783"]
[PlyCount "57"]
[EventDate "2015.09.20"]

1. e4 e5 2. Nf3 Nc6 3. Bc4 Be7 4. d4 exd4 5. Nxd4 Ne5 6. Be2 d6 7. Nc3 Nf6 8.
f4 Ng6 9. Be3 O-O 10. O-O c5 11. Nf3 Ng4 12. Qd2 Nxe3 13. Qxe3 Bf6 14. e5 dxe5
15. fxe5 Be7 16. Rad1 Qa5 17. Bc4 Be6 18. Nd5 Bd8 19. Rd3 Qa4 20. Bb3 Qc6 21.
c4 b5 22. Rc1 Rc8 23. Nd2 Bf5 24. cxb5 Qxb5 25. Rdc3 Bb6 26. Nc4 Rfe8 27. Ndxb6
axb6 28. Nd6 Qd7 29. Bxf7+ 1-0

[Event "HUN Team League Ch. Csongrad Region"]
[Site "Csongrád County"]
[Date "2015.09.20"]
[Round "1.5"]
[White "Pluhar, Andras"]
[Black "Boa, Bence"]
[Result "1-0"]
[WhiteElo "1646"]
[BlackElo "1688"]
[PlyCount "95"]
[EventDate "2015.09.20"]

1. e4 c6 2. d4 d5 3. e5 Bf5 4. Nf3 e6 5. Be2 c5 6. c3 Nc6 7. O-O Qb6 8. Qa4 a6
9. dxc5 Bxc5 10. b4 Bf8 11. Be3 Qc7 12. b5 Qa5 13. Qb3 axb5 14. Bxb5 Nge7 15.
Nbd2 g6 16. Rfd1 Bg7 17. Bc5 Qc7 18. Bd6 Qd7 19. Nd4 Nc8 20. Bc5 Bxe5 21. N2f3
Bd6 22. Nxf5 Bxc5 23. Nh6 Nd6 24. Ne5 Qc7 25. Ba4 Rf8 26. Nd3 Ba7 27. Ng4 f6
28. Nf4 Qd7 29. Nxe6 Qxe6 30. Re1 Ne4 31. Rxe4 Qxe4 32. Qxb7 Qxa4 33. Re1+ Kd8
34. Qxa8+ Kc7 35. Qxf8 Qxg4 36. Qf7+ Kb6 37. Qxd5 Qf4 38. c4 Kc7 39. c5 Ne5 40.
Qd6+ Kc8 41. Qa6+ Kd8 42. Qxa7 Qg4 43. Qa8+ Kc7 44. h3 Qb4 45. Qa7+ Kc8 46. Rd1
Qc4 47. Qe7 Nc6 48. Qd7+ 1-0

[Event "HUN Team League Ch. Csongrad Region"]
[Site "Csongrád County"]
[Date "2015.09.20"]
[Round "1.5"]
[White "Szajbely, Samuel Janos"]
[Black "Balogh, Judit Dora"]
[Result "0-1"]
[WhiteElo "1574"]
[BlackElo "1551"]
[PlyCount "94"]
[EventDate "2015.09.20"]

1. e4 c5 2. Nf3 Nc6 3. d4 cxd4 4. Nxd4 Nf6 5. Nc3 a6 6. Be3 e5 7. Nf3 Bb4 8.
Bd3 d5 9. exd5 Qxd5 10. Be2 Be6 11. Bd2 Qd6 12. a3 Bc5 13. Na4 Ba7 14. O-O b5
15. Nc3 O-O 16. Bg5 Qxd1 17. Raxd1 Nd7 18. Nd5 Rac8 19. Be7 Rfe8 20. Bd6 Bxd5
21. Rxd5 Nb6 22. Rd2 Na4 23. c3 Nc5 24. Bxc5 Bxc5 25. Rd5 Bb6 26. a4 e4 27. Nh4
e3 28. f4 bxa4 29. Rf3 Rcd8 30. Rxd8 Rxd8 31. Kf1 g6 32. g3 Rd2 33. Ng2 Rxb2
34. Nxe3 Bxe3 35. Rxe3 a3 36. Bc4 a2 37. Re1 Rxh2 38. Kg1 Rc2 39. g4 Rxc3 40.
Bxa2 Rg3+ 41. Kf2 Rxg4 42. Kf3 h5 43. Re8+ Kg7 44. Bd5 Nd4+ 45. Ke4 Nf5 46. Ra8
Rg3 47. Bb7 Nd6+ 0-1

[Event "HUN Team League Ch. Csongrad Region"]
[Site "Csongrád County"]
[Date "2015.09.20"]
[Round "1.5"]
[White "Vajna, Zsolt"]
[Black "Torok, Mate"]
[Result "1/2-1/2"]
[WhiteElo "1352"]
[BlackElo "1419"]
[PlyCount "87"]
[EventDate "2015.09.20"]

1. d4 Nf6 2. c4 g6 3. Nc3 Bg7 4. Bg5 O-O 5. Qd2 Nc6 6. Nf3 d6 7. Bh6 Bg4 8.
Bxg7 Kxg7 9. Ng5 e5 10. d5 Ne7 11. h3 Bd7 12. e4 h6 13. Nf3 c6 14. Bd3 c5 15.
O-O Nh5 16. Nh2 a6 17. f4 Nxf4 18. Bc2 Qc8 19. Rf3 g5 20. Raf1 Neg6 21. Ne2 Nh4
22. Rg3 Nhxg2 23. Rxg2 Nxg2 24. Kxg2 Bxh3+ 25. Kg1 Bxf1 26. Nxf1 b5 27. Neg3
Qd7 28. Nf5+ Kg6 29. b3 b4 30. N1g3 Rh8 31. Bd1 a5 32. Bh5+ Kh7 33. Qh2 Kg8 34.
Qh3 Ra7 35. Bg4 Qd8 36. Nh5 a4 37. Nfg7 axb3 38. axb3 Ra1+ 39. Kf2 Ra2+ 40. Kg1
Qa5 41. Bd1 Qa7 42. Qc8+ Kh7 43. Qf5+ Kg8 44. Qc8+ 1/2-1/2